000 01147nam a22003497a 4500
003 CHAP
005 20220817044304.0
008 090918s2007 it rn 00010 eng d
010 _a96748
011 _a97720
020 _a9789251056547
035 _a108390
040 _cCHAP
082 0 0 _a338.1
_aW94y
245 0 0 _aWTO rules for agriculture compatible with development
_c/edited by Jamie Morrison and Alexander Sarris
260 _aRome :
_bFAO,
_c2007.
300 _a458 p. :
_bgráfs. ; cuadros ; bibliografia.
590 _aBATCH-UPD
_b10
_c20130110
_lUCH01
_h1029
590 _aBATCH-UPD
_b10
_c20130410
_lUCH01
_h0632
590 _aBATCH-UPD
_b10
_c20130914
_lUCH01
_h1152
590 _aCONVERSION
_b10
_c20130109
_lUCH01
_h1353
650 1 4 _aAgricultura
_xAspectos económicos.
650 1 4 _aDesarrollo económico.
650 1 4 _aOrganización Mundial de Comercio.
_983554
700 0 _aSarris, Alexander
_e, ed.
_9102661
700 1 _aMorrison, Jamie
_e, ed.
_978914
710 0 _aFAO.
901 _aBK
911 _aen proceso
942 _cLIBRO
949 _a338.1 W94y
_bBC
_cFAO
_d33724002043975
_eFAO1
_gDonaciØn
_h108861
_i108390
_sb
999 _c96748
_d96748